000
00256nam a22000977a 4500
999
_c
11772
_d
11772
008
200207b ||||| |||| 00| 0 eng d
020
_a
9789387672468
100
_a
Verma,R.
_9
7456
245
_a
Together with Physics-XI
260
_a
New Delhi
_b
Rachna Sagar
_c
2003